General Psychology / (Record no. 288194)
[ view plain ]
| 000 -LEADER | |
|---|---|
| fixed length control field | 00438nam a2200133Ia 4500 |
| 008 - FIXED-LENGTH DATA ELEMENTS--GENERAL INFORMATION | |
| fixed length control field | 150610s9999 xx 000 0 und d |
| 020 ## - INTERNATIONAL STANDARD BOOK NUMBER | |
| International Standard Book Number | 9710864785 |
| 050 ## - LIBRARY OF CONGRESS CALL NUMBER | |
| Classification number | BF121 |
| Item number | .Z84 2004 |
| 100 ## - MAIN ENTRY--PERSONAL NAME | |
| Personal name | Zulueta, Francisco M. |
| 245 ## - TITLE STATEMENT | |
| Title | General Psychology / |
| Statement of responsibility, etc | Francisco M. Zulueta, Maricel S. Paraiso. |
| 260 ## - PUBLICATION, DISTRIBUTION, ETC. (IMPRINT) | |
| Place of publication, distribution, etc | Mandaluyong City : |
| Name of publisher, distributor, etc | National Book Store, |
| Date of publication, distribution, etc | 2004. |
| 300 ## - PHYSICAL DESCRIPTION | |
| Extent | 474pages : |
| Other physical details | illustrations ; |
| Dimensions | 23 cm. |
| 520 ## - SUMMARY, ETC. | |
| Summary, etc | Psychology. |
| Withdrawn status | Lost status | Damaged status | Home library | Current library | Shelving location | Date acquired | Total Checkouts | Full call number | Barcode | Date last seen | Price effective from | Koha item type |
|---|---|---|---|---|---|---|---|---|---|---|---|---|
| Stonyhurst Southville International School (Batangas) | Stonyhurst Southville International School (Batangas) | 06/10/2015 | BF121 .Z84 2004 | US-1318 | 06/10/2015 | 06/10/2015 | Books |